Geography Quiz

Random Geography or Asia Quiz

Asian 'L' Countries Quiz Stats

Quiz Updated Mar 21, 2016

Also try: On A Map: Asia
Challenge
Share
Tweet
Embed
Score 0/13 Timer 02:00
0 Plays Today
Asian 'L' Country % Correct
Laos
94.2%
Mongolia
75.4%
Malaysia
75.3%
Thailand
73.5%
Nepal
72.7%
Lebanon
71.4%
Philippines
68.8%
Israel
66.4%
Sri Lanka
65.6%
Bangladesh
65%
Maldives
52.6%
Palestine
43.4%
Timor-Leste
42.1%

You're not logged in!

Compare scores with friends on all Sporcle quizzes.
Sign Up with Email
OR
Log In

You Might Also Like...

Show Comments

Extras

Top Quizzes Today


Score Distribution

Your Account Isn't Verified!

In order to create a playlist on Sporcle, you need to verify the email address you used during registration. Go to your Sporcle Settings to finish the process.